000 00299nam a22001337a 4500
008 170919b xxu||||| |||| 00| 0 eng d
020 _a9781858136462
041 _aeng
080 _a7
100 _a44
101 _aART
245 _aTHE ART OF LANDSCAPES
_cSWINGLECHURTS.E
942 _2udc
_cBK
999 _c28240
_d28240